Statistics for Teams Relegated From the English Football League

Click here to take the quiz!

General Stats

  • This quiz has been taken 687 times
    (302 since last reset)
  • The average score is 27 of 42

Answer Stats

Clubs% Correct
Wrexham
90%
Forest Green Rovers
84%
Chester City
83%
Notts County
81%
Oldham Athletic
80%
Sutton United
80%
Grimsby Town
78%
Stockport County
76%
Luton Town
75%
Chesterfield
74%
Yeovil Town
74%
Barnet
72%
Hartlepool United
72%
Oxford United
71%
Scunthorpe United
71%
Southend United
68%
York City
67%
Carlisle United
66%
Colchester United
64%
Lincoln City
64%
Mansfield Town
64%
Cambridge United
63%
Newport County
62%
Rochdale
62%
Dagenham & Redbridge
61%
Torquay United
61%
Tranmere Rovers
61%
Macclesfield Town
60%
Bristol Rovers
56%
Cheltenham Town
56%
Doncaster Rovers
56%
Exeter City
55%
Leyton Orient
52%
Aldershot Town
51%
Rushden & Diamonds
50%
Darlington
49%
Halifax Town
49%
Scarborough
48%
Hereford United
47%
Kidderminster Harriers
47%
Boston United
40%
Shrewsbury Town
38%

Score Distribution

Percentile by Number Answered

Percent of People with Each Score

Your Score History

You have not taken this quiz since the last reset